000 00565nam a2200181Ia 4500
008 090630s9999 xx 000 0 und d
082 _b17308
100 _aकणेकर शिरिष.
245 _aचापलुसकी.
_cकणेकर शिरिष.
260 _bश्रीकल्प - मुंबई.
300 _a0
600 _aकणेकर शिरिष.
630 _aचापलुसकी.
655 _aइतर.
700 _aकणेकर शिरिष.
730 _aचापलुसकी.
942 _cBOOK
999 _c269164
_d269164